00660nam a2200205Ia 4500008004100000020001500041041000800056082001600064100001600080245005000096260005300146300000800199365001200207440005500219650002100274700002000295942001200315999001900327952010800346140306s9999 xx 000 0 und d a0706944242 aeng a636bMIS/LI aMishra, S N aLivestock development in India : an appraisal aNew DelhibVikas Publishing House Pvt .Ltdc1990 a193 bRs. 195 vStudies in economic development and planning no 54 aAnimal husbandry aSharma, Rishi K 2ddccBK c180158d180158 00102ddc4070aKAUCBVbKAUCBVd2004-06-02g195.00l0o636 MIS/LIr2014-03-22 00:00:00w2014-03-22yBK